[Event "Donau op 18th"]
[Site "Aschach"]
[Date "2009.12.27"]
[Round "2"]
[White "Faibisovich, Vadim Z"]
[Black "Kreischer, Georg"]
[Result "1-0"]
[WhiteElo "2414"]
[BlackElo "2141"]
[PlyCount "127"]
[EventDate "2009.12.26"]
[EventType "swiss"]
[EventRounds "7"]
[EventCountry "AUT"]
[SourceTitle "CBM 134 Extra"]
[Source "ChessBase"]
[SourceDate "2010.03.03"]
[SourceVersion "1"]
[SourceVersionDate "2010.03.03"]
[SourceQuality "1"]

1. e4 e6 2. d4 d5 3. Nd2 Nf6 4. e5 Nfd7 5. Bd3 c5 6. c3 Nc6 7. Ne2 Qb6 8. Nf3 Be7 9. 0-0 Nf8 10. dxc5 Qxc5 11. b4 Qb6 12. b5 Na5 13. Qa4 Bd7 14. Qg4 g6 15. Bg5 Qd8 16. h4 Rc8 17. Rfb1 Nc4 18. Rb4 Na5 19. Rab1 h6 20. Bxe7 Qxe7 21. Qf4 b6 22. Nh2 h5 23. Nf3 Rc7 24. Qd2 Nb7 25. Rf4 Nh7 26. g4 hxg4 27. Rxg4 Nf8 28. Ng5 Kd8 29. Rf4 Be8 30. Nd4 Na5 31. c4 dxc4 32. Bxc4 Kc8 33. Be2 Qc5 34. Qe3 Kb8 35. Bf3 Nh7 36. Qe4 Qd5 37. Qxd5 exd5 38. Bxd5 Nxg5 39. hxg5 Rc5 40. Bxf7 Rxe5 41. Nf3 Re2 42. Bxe8 Rhxe8 43. a4 Kc7 44. Rc1+ Kd6 45. Rd4+ Ke6 46. Rc7 Re7 47. Rxe7+ Kxe7 48. Rh4 Ra2 49. Rh7+ Ke6 50. Rxa7 Rxa4 51. Rg7 Kf5 52. Kg2 Ra3 53. Kg3 Nc4 54. Rf7+ Ke4 55. Rf4+ Kd5 56. Kg2 Ra5 57. Nh4 Rxb5 58. Nxg6 Nd6 59. Rf6 Rb3 60. Ne7+ Ke5 61. f4+ Ke4 62. Rxd6 Kxf4 63. g6 Re3 64. Nd5+ 1-0

[Event "Niederoesterreich Landesliga 0708"]
[Site "Austria"]
[Date "2008.03.30"]
[Round "11"]
[White "Pammer, Andreas"]
[Black "Kreischer, Georg"]
[Result "1-0"]
[WhiteElo "2084"]
[BlackElo "2042"]
[PlyCount "71"]
[EventDate "2007.09.16"]
[EventType "team-tourn"]
[EventRounds "13"]
[EventCountry "AUT"]
[SourceTitle "EXT 2022"]
[Source "ChessBase"]
[SourceDate "2021.10.06"]
[SourceVersion "1"]
[SourceVersionDate "2021.10.06"]
[SourceQuality "1"]

1. c4 Nf6 2. Nc3 c5 3. Nf3 g6 4. d4 cxd4 5. Nxd4 Bg7 6. e4 d6 7. Be2 0-0 8. Be3 Nbd7 9. f3 Nc5 10. Qd2 Ne6 11. Nc2 b6 12. Rc1 Bb7 13. 0-0 Qd7 14. Rfd1 Rfd8 15. Nb4 Nf8 16. Nbd5 Ne8 17. b4 Rdb8 18. Nb5 Bxd5 19. cxd5 Rb7 20. Rc6 e5 21. Rdc1 Qe7 22. Rc8 Rab8 23. Nxa7 Rxc8 24. Nxc8 Qd8 25. Rc6 f5 26. Nxb6 fxe4 27. fxe4 Nf6 28. Bf3 Qb8 29. a4 g5 30. g3 g4 31. Bg2 Ra7 32. a5 Kf7 33. b5 Kg6 34. a6 Qe8 35. Nc8 Rd7 36. a7 1-0

[Event "Niederoesterreich Landesliga 0708"]
[Site "Austria"]
[Date "2008.03.09"]
[Round "10"]
[White "Kreischer, Georg"]
[Black "Wiedner, Robert"]
[Result "1-0"]
[WhiteElo "2042"]
[BlackElo "2141"]
[PlyCount "83"]
[EventDate "2007.09.16"]
[EventType "team-tourn"]
[EventRounds "13"]
[EventCountry "AUT"]
[SourceTitle "EXT 2022"]
[Source "ChessBase"]
[SourceDate "2021.10.06"]
[SourceVersion "1"]
[SourceVersionDate "2021.10.06"]
[SourceQuality "1"]

1. e4 g6 2. d4 d6 3. c4 Bg7 4. Nc3 Nd7 5. Be3 h6 6. Qd2 c6 7. f3 a6 8. Bd3 e5 9. Nge2 Nf8 10. 0-0 g5 11. Rad1 Ng6 12. Bb1 Be6 13. d5 cxd5 14. exd5 Bd7 15. Bxg6 fxg6 16. Ne4 Bf5 17. Qb4 Bxe4 18. fxe4 Nf6 19. Nc3 0-0 20. Qb6 Qd7 21. c5 Ng4 22. cxd6 Nxe3 23. Qxe3 Qxd6 24. a3 Rxf1+ 25. Rxf1 Bf6 26. Kf2 Kg7 27. Ke2 b5 28. Na2 g4 29. Qc3 a5 30. Rc1 Ra7 31. Qc6 Qb8 32. Rc5 Rb7 33. d6 Rf7 34. Rxb5 Qa7 35. Qc5 g3 36. Qxa7 Rxa7 37. hxg3 Kf7 38. Nc3 Ke6 39. Rd5 Bd8 40. Na4 Kf6 41. Nc5 Bb6 42. Nd3 1-0

[Event "Niederoesterreich Landesliga 0708"]
[Site "Austria"]
[Date "2008.02.24"]
[Round "9"]
[White "Stadler, Peter"]
[Black "Kreischer, Georg"]
[Result "1/2-1/2"]
[WhiteElo "2109"]
[BlackElo "2042"]
[PlyCount "45"]
[EventDate "2007.09.16"]
[EventType "team-tourn"]
[EventRounds "13"]
[EventCountry "AUT"]
[SourceTitle "EXT 2022"]
[Source "ChessBase"]
[SourceDate "2021.10.06"]
[SourceVersion "1"]
[SourceVersionDate "2021.10.06"]
[SourceQuality "1"]

1. d4 Nf6 2. Nf3 g6 3. g3 Bg7 4. Bg2 0-0 5. 0-0 d5 6. c4 c6 7. cxd5 cxd5 8. Nc3 Nc6 9. Ne5 Nxe5 10. dxe5 Nd7 11. Nxd5 Nxe5 12. Bg5 Nc6 13. Qb3 h6 14. Be3 e6 15. Nb4 Nd4 16. Qd3 e5 17. Rac1 a5 18. Nd5 Bd7 19. Qd2 Kh7 20. f4 Bh3 21. Bxh3 Qxd5 22. Bg2 Qb5 23. Bxd4 1/2-1/2

[Event "Niederoesterreich Landesliga 0506"]
[Site "Austria"]
[Date "2006.04.23"]
[Round "13"]
[White "Walter, Martin"]
[Black "Kreischer, Georg"]
[Result "1-0"]
[WhiteElo "1997"]
[BlackElo "2099"]
[PlyCount "91"]
[EventDate "2005.09.18"]
[EventType "team-tourn"]
[EventRounds "13"]
[EventCountry "AUT"]
[SourceTitle "EXT 2022"]
[Source "ChessBase"]
[SourceDate "2021.10.06"]
[SourceVersion "1"]
[SourceVersionDate "2021.10.06"]
[SourceQuality "1"]

1. e4 e5 2. Bc4 Nc6 3. Nf3 d6 4. d4 exd4 5. Nxd4 Bd7 6. Nc3 Nf6 7. Be3 Be7 8. f3 a6 9. a3 0-0 10. Qd2 Ne8 11. 0-0-0 Bf6 12. Nde2 b5 13. Bd5 Rb8 14. Bxc6 Bxc6 15. Nd5 Bb7 16. Nxf6+ Qxf6 17. Bg5 Qe5 18. Bf4 Qe7 19. Rhe1 f6 20. Nd4 g6 21. Qc3 Ra8 22. g4 Ng7 23. Bh6 Rae8 24. h4 Rf7 25. h5 Ne6 26. hxg6 hxg6 27. Nxe6 Qxe6 28. Rh1 Ree7 29. g5 Qe5 30. gxf6 Qxf6 31. Qxf6 Rxf6 32. Bg5 Ref7 33. Bxf6 Rxf6 34. Rh3 Bc8 35. Rg3 Kf7 36. Kd2 Bd7 37. Ke3 Re6 38. Rh1 Kg8 39. Rgh3 Bc6 40. Rh8+ Kg7 41. R1h7+ Kf6 42. Rxc7 d5 43. Rf8+ Kg5 44. Rxc6 Rxc6 45. exd5 Rxc2 46. d6 1-0

[Event "Leonding op 9th"]
[Site "Leonding"]
[Date "2006.??.??"]
[Round "1"]
[White "Kreischer, Georg"]
[Black "Rauscher, Erwin"]
[Result "1-0"]
[WhiteElo "2174"]
[BlackElo "1628"]
[PlyCount "79"]
[EventDate "2006.08.28"]
[EventType "swiss"]
[EventRounds "7"]
[EventCountry "AUT"]
[SourceTitle "EXT 2007"]
[Source "ChessBase"]
[SourceDate "2006.11.23"]
[SourceVersion "1"]
[SourceVersionDate "2006.11.23"]
[SourceQuality "1"]

1. e4 d5 2. exd5 Qxd5 3. Nf3 Nf6 4. d4 Bg4 5. Be2 c6 6. 0-0 e6 7. h3 Bxf3 8. Bxf3 Qd8 9. c4 Be7 10. Nc3 0-0 11. Be3 Nbd7 12. Rb1 Rc8 13. b4 b6 14. Bf4 Ne8 15. Qa4 a5 16. bxa5 bxa5 17. Bxc6 Nb6 18. Qb5 Qxd4 19. Be5 Qxc4 20. Bxe8 Qxb5 21. Bxb5 Bb4 22. Na4 Nd5 23. Rbc1 f6 24. Rxc8 Rxc8 25. Bd7 Rd8 26. Bxe6+ Kf8 27. Bg3 Ke7 28. Bf5 g6 29. Bc2 Rc8 30. Bb3 Nc3 31. Re1+ Kf8 32. Nxc3 Rxc3 33. Re6 Kg7 34. Kf1 Rc1+ 35. Ke2 Rb1 36. Kd3 Rb2 37. Re2 Rb1 38. Kc4 Kh6 39. Kb5 Rc1 40. Bf4+ 1-0

[Event "AUT-ch qual"]
[Site "Gmunden"]
[Date "2005.08.20"]
[Round "8"]
[White "Srienz, Christian"]
[Black "Kreischer, Georg"]
[Result "1-0"]
[WhiteElo "2299"]
[BlackElo "2193"]
[PlyCount "59"]
[EventDate "2005.08.13"]
[EventType "swiss"]
[EventRounds "9"]
[EventCountry "AUT"]
[SourceTitle "CBM 107 Extra"]
[Source "ChessBase"]
[SourceDate "2005.09.01"]
[SourceVersion "1"]
[SourceVersionDate "2005.09.01"]
[SourceQuality "1"]

1. e4 e6 2. d4 d5 3. Nc3 Nf6 4. Bg5 dxe4 5. Nxe4 Nbd7 6. Nf3 Be7 7. Nxf6+ Nxf6 8. Bd3 Qd6 9. Qd2 Bd7 10. 0-0-0 Nd5 11. Bxe7 Nxe7 12. Ne5 Ng6 13. Bxg6 hxg6 14. Qf4 Rf8 15. Rhe1 0-0-0 16. c4 Bc6 17. f3 Be8 18. Qe4 Ba4 19. Rd3 g5 20. b3 Bd7 21. Kb2 f6 22. c5 Qd5 23. Nxd7 Kxd7 24. Qg6 Kc8 25. Qxg7 Qf5 26. Kc3 Rh8 27. Qf7 e5 28. Qc4 Rh4 29. g4 Rxd4 30. Qg8+ 1-0

[Event "AUT-chT2M 9900"]
[Site "Austria"]
[Date "2000.01.16"]
[Round "7.1"]
[White "Haba, Petr"]
[Black "Kreischer, Georg"]
[Result "1-0"]
[WhiteElo "2546"]
[BlackElo "2156"]
[PlyCount "81"]
[EventDate "1999.??.??"]
[EventType "team"]
[EventRounds "11"]
[EventCountry "AUT"]
[SourceTitle "EXT 2004"]
[Source "ChessBase"]
[SourceDate "2003.11.25"]
[SourceVersion "1"]
[SourceVersionDate "2003.11.25"]
[SourceQuality "1"]

1. e4 e6 2. d4 d5 3. e5 c5 4. c3 Nc6 5. Nf3 Qb6 6. a3 c4 7. Nbd2 Na5 8. Be2 Bd7 9. 0-0 Ne7 10. Re1 f6 11. h4 Nec6 12. Bf1 Be7 13. g3 0-0 14. Bh3 Rae8 15. exf6 Bxf6 16. Nf1 Nb3 17. Rb1 Nxc1 18. Qxc1 Nd8 19. N1h2 Nf7 20. Ng4 Bd8 21. Nfe5 Qd6 22. Qd2 Bc8 23. Re3 Qe7 24. Nxf7 Qxf7 25. Ne5 Qf6 26. Rbe1 Re7 27. R1e2 Qh6 28. Bg4 Bc7 29. Qe1 g5 30. h5 Rfe8 31. Bf3 Bd6 32. Kg2 Qf8 33. Qh1 Bxe5 34. Rxe5 h6 35. Qe1 Kf7 36. R2e3 Rd8 37. Bxd5 Rxd5 38. Rf3+ Kg7 39. Rxf8 Kxf8 40. Qe4 Rxe5 41. Qxe5 1-0

[Event "AUT-chT2M 0001"]
[Site "Austria"]
[Date "2000.??.??"]
[Round "3"]
[White "Kreischer, Georg"]
[Black "Gruenberg, Hans Ulrich"]
[Result "0-1"]
[WhiteElo "2175"]
[BlackElo "2450"]
[PlyCount "76"]
[EventDate "2000.??.??"]
[EventType "team"]
[EventRounds "9"]
[EventCountry "AUT"]
[SourceTitle "EXT 2003"]
[Source "ChessBase"]
[SourceDate "2002.11.25"]
[SourceVersion "1"]
[SourceVersionDate "2002.11.25"]
[SourceQuality "1"]

1. e4 c5 2. Nf3 d6 3. Nc3 Nf6 4. d3 e6 5. Be2 Be7 6. 0-0 0-0 7. d4 cxd4 8. Nxd4 a6 9. a4 Nc6 10. Be3 Qc7 11. f3 Bd7 12. Bf2 Rfd8 13. Qc1 Be8 14. Rd1 h6 15. Bf1 Nd7 16. Nce2 Nde5 17. c3 Rac8 18. Qb1 Na5 19. Qa2 Bd7 20. Nc1 Bf8 21. Nd3 Nxd3 22. Bxd3 e5 23. Ne2 Be6 24. Qb1 d5 25. b4 dxe4 26. Bxe4 Nb3 27. Ra3 Nd2 28. Qa1 Nxe4 29. fxe4 Rxd1+ 30. Qxd1 Rd8 31. Qe1 Rd3 32. Ra1 Bg4 33. b5 Bxe2 34. Qxe2 Qxc3 35. Rd1 Rxd1+ 36. Qxd1 axb5 37. axb5 Bc5 38. Qb1 Bd4 0-1

[Event "AUT-chT2M 9900"]
[Site "Austria"]
[Date "1999.12.05"]
[Round "5.1"]
[White "Kreischer, Georg"]
[Black "Pitschka, Claus"]
[Result "1/2-1/2"]
[WhiteElo "2156"]
[BlackElo "2302"]
[PlyCount "60"]
[EventDate "1999.??.??"]
[EventType "team"]
[EventRounds "11"]
[EventCountry "AUT"]
[SourceTitle "EXT 2004"]
[Source "ChessBase"]
[SourceDate "2003.11.25"]
[SourceVersion "1"]
[SourceVersionDate "2003.11.25"]
[SourceQuality "1"]

1. e4 Nf6 2. e5 Nd5 3. Nf3 d6 4. exd6 cxd6 5. d4 g6 6. c3 Bg7 7. Nbd2 0-0 8. Be2 Nf4 9. 0-0 Nxe2+ 10. Qxe2 e5 11. Nb3 Re8 12. dxe5 dxe5 13. Be3 Nc6 14. Rfd1 Qc7 15. h3 b6 16. Nh2 f5 17. Nf1 Be6 18. f3 Ne7 19. Bf2 Nd5 20. Ne3 Nf4 21. Qc2 Rad8 22. Rxd8 Rxd8 23. Rd1 Rd7 24. Nc1 Qd8 25. b3 Bh6 26. Rxd7 Qxd7 27. Nf1 Kf7 28. Be3 Kg7 29. Qd2 Qxd2 30. Bxd2 Bd5 1/2-1/2

[Event "AUT-chT2M 9900"]
[Site "Austria"]
[Date "1999.10.23"]
[Round "2.1"]
[White "Steigerstorfer, Erich"]
[Black "Kreischer, Georg"]
[Result "1/2-1/2"]
[WhiteElo "2220"]
[BlackElo "2190"]
[PlyCount "31"]
[EventDate "1999.??.??"]
[EventType "team"]
[EventRounds "11"]
[EventCountry "AUT"]
[SourceTitle "EXT 2004"]
[Source "ChessBase"]
[SourceDate "2003.11.25"]
[SourceVersion "1"]
[SourceVersionDate "2003.11.25"]
[SourceQuality "1"]

1. d4 Nf6 2. c4 g6 3. Nc3 d5 4. Bg5 dxc4 5. Bxf6 exf6 6. e3 Bg7 7. Bxc4 0-0 8. Nge2 Nc6 9. 0-0 Ne7 10. Rc1 Nf5 11. Qb3 Nd6 12. Bd3 f5 13. Nb5 Nxb5 14. Bxb5 c6 15. Bc4 Qe7 16. a4 1/2-1/2

[Event "Graz op-A"]
[Site "Graz"]
[Date "1999.??.??"]
[Round "3"]
[White "Boehm, Martin"]
[Black "Kreischer, Georg"]
[Result "1-0"]
[WhiteElo "2250"]
[BlackElo "2155"]
[PlyCount "73"]
[EventDate "1999.09.17"]
[EventType "swiss"]
[EventRounds "9"]
[EventCountry "AUT"]
[SourceTitle "EXT 2001"]
[Source "ChessBase"]
[SourceDate "2000.11.22"]
[SourceVersion "1"]
[SourceVersionDate "2000.11.22"]
[SourceQuality "1"]

1. c4 e6 2. Nf3 Nf6 3. g3 d5 4. Bg2 c6 5. Qc2 Be7 6. 0-0 0-0 7. d3 Nbd7 8. Nc3 Re8 9. cxd5 Nxd5 10. e4 Nb4 11. Qe2 e5 12. Be3 c5 13. a3 Nc6 14. Nd5 b6 15. Rfc1 Bb7 16. b4 Bd6 17. Qb2 Rb8 18. Qb3 Ne7 19. Nxe7+ Qxe7 20. Nd2 Red8 21. Nc4 Qe6 22. Bh3 Qe7 23. Bg5 Nf6 24. Ne3 Qf8 25. Bxf6 gxf6 26. Qd1 cxb4 27. axb4 Bxb4 28. Rxa7 Bc5 29. Nf5 Kh8 30. Qh5 Rd7 31. Qh4 Qd8 32. Rxc5 bxc5 33. Qh6 Qf8 34. Qxf6+ Kg8 35. Nh6+ Qxh6 36. Qxh6 Rxd3 37. Bf5 1-0

[Event "Graz op-A"]
[Site "Graz"]
[Date "1999.??.??"]
[Round "6"]
[White "Kreischer, Georg"]
[Black "Spirk, Stefan"]
[Result "1/2-1/2"]
[WhiteElo "2155"]
[BlackElo "2250"]
[PlyCount "152"]
[EventDate "1999.09.17"]
[EventType "swiss"]
[EventRounds "9"]
[EventCountry "AUT"]
[SourceTitle "EXT 2001"]
[Source "ChessBase"]
[SourceDate "2000.11.22"]
[SourceVersion "1"]
[SourceVersionDate "2000.11.22"]
[SourceQuality "1"]

1. Nf3 c5 2. e4 e6 3. Nc3 Nc6 4. Be2 Nf6 5. 0-0 d5 6. exd5 Nxd5 7. Nxd5 Qxd5 8. d3 Bd6 9. Re1 Bc7 10. Nd2 Nd4 11. Bf3 Nxf3+ 12. Qxf3 Qxf3 13. Nxf3 0-0 14. Bd2 Bd7 15. Ne5 Bxe5 16. Rxe5 Rac8 17. Bc3 f6 18. Re3 e5 19. Kf1 Rfe8 20. Ke1 Kf7 21. Kd2 Rcd8 22. Ke1 Rc8 23. Re2 h5 24. Kd2 Rcd8 25. Re3 Be6 26. a4 c4 27. a5 a6 28. Ra4 cxd3 29. Rxd3 Rxd3+ 30. cxd3 Rd8 31. Rb4 Rd7 32. f4 Bf5 33. fxe5 fxe5 34. Bxe5 Bxd3 35. Ke3 Bb5 36. Rf4+ Kg8 37. Bc3 Rf7 38. Rh4 Bc6 39. g3 Bf3 40. Rd4 Bg4 41. Rd8+ Kh7 42. Rd5 Kg8 43. Re5 Rf3+ 44. Ke4 Rf7 45. Bd4 Bf3+ 46. Ke3 Bg4 47. b4 Rf3+ 48. Kd2 Rf7 49. Kc3 Rd7 50. Kc4 Kf7 51. h3 Bxh3 52. Rxh5 Bf1+ 53. Kc5 Kg6 54. Rh2 Bb5 55. Be5 Bc6 56. Bd6 Bf3 57. Rf2 Bh1 58. Re2 Bf3 59. Re3 Bg2 60. Re6+ Kf7 61. Re2 Bh1 62. Rh2 Bc6 63. Rh4 Ke6 64. Rg4 Kf5 65. Rd4 Kg6 66. Rd2 Bf3 67. b5 axb5 68. Kxb5 Bc6+ 69. Kc5 Bf3 70. Rf2 Be4 71. Rf4 Bg2 72. Rb4 Bf3 73. Bb8 Bg2 74. Kb6 Rf7 75. Bc7 Re7 76. Rb2 Bf3 1/2-1/2

[Event "Graz op-A"]
[Site "Graz"]
[Date "1999.??.??"]
[Round "9"]
[White "Mitter, Gerd"]
[Black "Kreischer, Georg"]
[Result "1/2-1/2"]
[WhiteElo "2260"]
[BlackElo "2155"]
[PlyCount "138"]
[EventDate "1999.09.17"]
[EventType "swiss"]
[EventRounds "9"]
[EventCountry "AUT"]
[SourceTitle "EXT 2001"]
[Source "ChessBase"]
[SourceDate "2000.11.22"]
[SourceVersion "1"]
[SourceVersionDate "2000.11.22"]
[SourceQuality "1"]

1. Nf3 d5 2. g3 Nf6 3. Bg2 e6 4. 0-0 Be7 5. d4 0-0 6. c4 c6 7. Nc3 Nbd7 8. b3 Re8 9. Bb2 Nf8 10. Re1 Bd7 11. e4 Nxe4 12. Nxe4 dxe4 13. Rxe4 Bf6 14. Qe2 Qc7 15. Rd1 Rad8 16. Re3 Bc8 17. Red3 Nd7 18. Qc2 b6 19. Nd2 Bb7 20. Ne4 Be7 21. R3d2 Nf8 22. Qc3 f6 23. Qf3 Bb4 24. Rd3 Qe7 25. Qe3 c5 26. dxc5 Bxe4 27. Qxe4 Bxc5 28. Qb7 Rxd3 29. Rxd3 Qxb7 30. Bxb7 Kf7 31. Kf1 Ke7 32. Ke2 Rd8 33. f3 Rxd3 34. Kxd3 Nd7 35. Ba8 Kd6 36. Bd4 a5 37. Bb2 Bg1 38. h3 Bh2 39. g4 Nc5+ 40. Kc2 Be5 41. Bc1 g5 42. a3 Bd4 43. b4 axb4 44. axb4 Na6 45. Bd2 h6 46. Bb7 Nc7 47. Kd3 Bf2 48. Bc3 Ne8 49. Be4 Ke7 50. Bc6 Nd6 51. Bd4 Bxd4 52. Kxd4 Kd8 53. c5 Kc7 54. Ba4 Nf7 55. Bb3 Ne5 56. cxb6+ Kxb6 57. Ke4 Kb5 58. Bxe6 Kxb4 59. f4 Ng6 60. fxg5 fxg5 61. Bf7 Nh4 62. Be8 Kc5 63. Ke5 Nf3+ 64. Kf6 Ng1 65. Kg6 Nxh3 66. Kxh6 Kd6 67. Bb5 Ke5 68. Bf1 Nf2 69. Kxg5 Nxg4 1/2-1/2

[Event "Linz op"]
[Site "Linz"]
[Date "1997.??.??"]
[Round "6"]
[White "Rumpl, Erwin"]
[Black "Kreischer, Georg"]
[Result "1/2-1/2"]
[WhiteElo "2190"]
[BlackElo "2215"]
[PlyCount "162"]
[EventDate "1997.05.17"]
[EventType "swiss"]
[EventRounds "9"]
[EventCountry "AUT"]
[SourceTitle "CBM 058 Extra"]
[Source "ChessBase"]
[SourceDate "1997.07.29"]
[SourceVersion "1"]
[SourceVersionDate "1997.07.29"]
[SourceQuality "1"]

1. c4 Nf6 2. Nc3 e6 3. e4 d6 4. d4 b6 5. g3 Bb7 6. Bg2 Nbd7 7. Nge2 Qc8 8. 0-0 Be7 9. h3 0-0 10. Be3 Re8 11. f4 Nf8 12. g4 N6d7 13. Ng3 Qd8 14. Kh2 c5 15. d5 a6 16. a4 Ra7 17. Qd2 e5 18. f5 h6 19. Nge2 Nh7 20. Ng1 Bc8 21. Bf3 Rb7 22. Be2 Ndf8 23. Rf2 Bd7 24. Raf1 Bh4 25. Rg2 Ng5 26. Bd3 Nfh7 27. Bf2 Bxf2 28. Qxf2 f6 29. h4 Nf7 30. Nh3 Qe7 31. Rfg1 Reb8 32. Rg3 Kf8 33. Be2 Ke8 34. g5 fxg5 35. Bh5 Kd8 36. Bxf7 Qxf7 37. hxg5 Nxg5 38. Nxg5 hxg5 39. Rxg5 Kc7 40. Qh4 Rg8 41. Qh7 Qe8 42. Rxg7 Rf8 43. Rxd7+ Qxd7 44. Rg7 Kc8 45. Rxd7 Rxd7 46. Qh3 Rg8 47. f6 Kc7 48. Qf5 Rf7 49. Ne2 Rh8+ 50. Kg2 Rh6 51. Ng3 Rfxf6 52. Qg5 Rhg6 53. Qh5 b5 54. cxb5 axb5 55. a5 Rg7 56. Kh3 Rff7 57. Qe2 Rg6 58. Nf5 Rh7+ 59. Nh4 Rgh6 60. Qxb5 Rxh4+ 61. Kg3 Rh3+ 62. Kf2 Rh2+ 63. Ke1 Rh1+ 64. Kd2 Rd7 65. Qb6+ Kc8 66. Qc6+ Kd8 67. a6 Ra1 68. Kc3 Ke7 69. Kc4 Ra2 70. b3 Ra5 71. Kc3 Ra7 72. Qc8 R5xa6 73. Qe6+ Kd8 74. Qg8+ Kc7 75. Qf8 Rb7 76. Qe7+ Kb8 77. Qd8+ Ka7 78. Kc2 Rab6 79. Kd2 Rh7 80. Kc3 Rh3+ 81. Kc2 Rh2+ 1/2-1/2

[Event "AUT-chT"]
[Site "Austria"]
[Date "1994.??.??"]
[Round "?"]
[White "Maierhofer, Johann"]
[Black "Kreischer, Georg"]
[Result "1-0"]
[WhiteElo "2025"]
[BlackElo "2075"]
[PlyCount "79"]
[EventDate "1994.??.??"]
[EventType "team"]
[EventRounds "11"]
[EventCountry "AUT"]
[SourceTitle "TD"]
[Source "ChessBase"]
[SourceDate "1994.03.01"]
[SourceVersion "1"]
[SourceVersionDate "1994.03.01"]
[SourceQuality "1"]

1. d4 Nf6 2. Bg5 d5 3. e3 c6 4. c4 dxc4 5. Bxf6 gxf6 6. Bxc4 Nd7 7. Qh5 Qb6 8. Qxf7+ Kd8 9. Nd2 Qxb2 10. Rb1 Qa3 11. Ne2 Qa5 12. Nf4 Nb6 13. Bb3 Bh6 14. g3 Bd7 15. Rc1 Nc8 16. Rc5 Qb4 17. Nd3 Qb6 18. 0-0 Qc7 19. Qh5 Bf8 20. Qh4 Nd6 21. e4 Ne8 22. Rc2 b6 23. e5 Bf5 24. Ne4 Rc8 25. Rd1 Bg7 26. Qf4 Qd7 27. Qe3 fxe5 28. dxe5 Kc7 29. Nb2 Nd6 30. exd6+ exd6 31. Rxd6 Qe8 32. Rdxc6+ Qxc6 33. Rxc6+ Kxc6 34. Qf4 Bh3 35. Qd6+ Kb5 36. Qd5+ Kb4 37. Nd3+ Ka3 38. Qd6+ Rc5 39. Nexc5 Bf8 40. Qd4 1-0